|
|
|
|
| LEADER |
00000nam0a2200000 4500 |
| 001 |
119196 |
| 005 |
20231031124444.0 |
| 010 |
|
|
|a 5282022982
|
| 035 |
|
|
|a (RuTPU)RU\TPU\book\128993
|
| 090 |
|
|
|a 119196
|
| 100 |
|
|
|a 20070627d2003 k y0rusy50 ca
|
| 101 |
0 |
|
|a rus
|
| 102 |
|
|
|a RU
|
| 105 |
|
|
|a a z 001zy
|
| 200 |
1 |
|
|a Корпоративный менеджмент в современных экономических отношениях
|f В. В. Андронов
|g Российская академия предпринимательства; под ред. В. С. Балабанова
|
| 210 |
|
|
|a Москва
|c Экономика
|d 2003
|
| 215 |
|
|
|a 479 с.
|c ил.
|
| 320 |
|
|
|a Литература: с. 477-479.
|
| 330 |
|
|
|a В монографии детально рассмотрены сущность, условия и развитие корпоративных объединений на современном этапе экономических отношений и анализируется специфика современного корпоративного предпринимательства в развитых странах и государствах, избравших путь реформирования своих экономик в условиях рыночного механизма хозяйствования. Особое внимание уделено особенностям экономического механизма развития корпоративного сектора России. Показана специфика государственного регулирования интегрированными корпоративными системами и предложены различные модели в нахождении оценок стратегического менеджмента корпораций в условиях рынка. Книга может быть использована как руководителями, специалистами и менеджерами различных фирм и компаний, так и студентами, аспирантами и преподавателями экономических вузов.
|
| 610 |
1 |
|
|a экономика
|
| 610 |
1 |
|
|a управление
|
| 610 |
1 |
|
|a менеджмент
|
| 610 |
1 |
|
|a предприятия
|
| 610 |
1 |
|
|a фирмы
|
| 610 |
1 |
|
|a корпоративный менеджмент
|
| 610 |
1 |
|
|a корпорации
|
| 610 |
1 |
|
|a переходная экономика
|
| 610 |
1 |
|
|a государственное управление
|
| 610 |
1 |
|
|a Россия
|
| 610 |
1 |
|
|a корпоративные системы
|
| 610 |
1 |
|
|a акционерные комплексы
|
| 610 |
1 |
|
|a внешнеэкономическая деятельность
|
| 686 |
|
|
|a У9(2)212
|v LBC/SL-A
|2 rubbk
|
| 686 |
|
|
|a У9(2)29-2
|v LBC/SL-A
|2 rubbk
|
| 700 |
|
1 |
|a Андронов
|b В. В.
|g Вадим Вадимович
|
| 702 |
|
1 |
|a Балабанов
|b В. С.
|4 340
|
| 712 |
0 |
2 |
|a Российская академия предпринимательства
|2 stltpush
|3 (RuTPU)RU\TPU\col\3482
|
| 801 |
|
1 |
|a RU
|b 63413507
|c 20070627
|g PSBO
|
| 801 |
|
2 |
|a RU
|b 63413507
|c 20121005
|g PSBO
|
| 942 |
|
|
|c BK
|